书目信息 |
| 题名: |
风味小吃制作
|
|
| 作者: | 张洪山 编著 | |
| 分册: | ||
| 出版信息: | 呼和浩特 内蒙古人民出版社 2014.07 |
|
| 页数: | 10, 242页 | |
| 开本: | 26cm | |
| 丛书名: | ||
| 单 册: | ||
| 中图分类: | TS972.142 | |
| 科图分类: | ||
| 主题词: | 风味小吃--feng wei xiao chi--制作--中国 | |
| 电子资源: | ||
| ISBN: | 978-7-204-12799-3 | |
| 000 | 00838nam0 2200277 450 | |
| 001 | 0100140702 | |
| 005 | 20141020221524.0 | |
| 010 | @a978-7-204-12799-3@dCNY30.00 | |
| 100 | @a20140725d2014 em y0chiy50 ea | |
| 101 | 0 | @achi |
| 101 | 11 | @achi |
| 102 | @aCN@b150000 | |
| 105 | @ay z 000yy | |
| 106 | @ar | |
| 200 | 1 | @a风味小吃制作@Afeng wei xiao chi zhi zuo@f张洪山编著@Fzhang hong shan bian zhu |
| 210 | @a呼和浩特@c内蒙古人民出版社@d2014.07 | |
| 215 | @a10, 242页@d26cm | |
| 330 | @a本书重点介绍了七百多种风味小吃的传统配料、制作方法、特点以及有关习俗和掌故。 | |
| 540 | @a风味小吃制作 | |
| 606 | 0 | @a风味小吃@Afeng wei xiao chi@x制作@y中国 |
| 690 | @aTS972.142@v5 | |
| 701 | 0 | @a张洪山@Azhang hong shan@4编著 |
| 801 | @aCN | |
| 901 | @a001 | |
| 905 | @b1103881-3@dTS972.142@eZ116@f3@a241430 | |
| 962 | @a5274167 | |
| 风味小吃制作/张洪山编著.-呼和浩特:内蒙古人民出版社,2014.07 |
| 10, 242页;26cm |
| ISBN 978-7-204-12799-3:CNY30.00 |
| 本书重点介绍了七百多种风味小吃的传统配料、制作方法、特点以及有关习俗和掌故。 |
| ● |
| 相关链接 |
|
|
|
正题名:风味小吃制作
索取号:TS972.142/Z116
 
预约/预借
| 序号 | 登录号 | 条形码 | 馆藏地/架位号 | 状态 | 备注 |
| 1 | 1103881 | 211038811 | 自科二线400A/400A自科库 26排3列5层/ [索取号:TS972.142/Z116] | 在馆 | |
| 2 | 1103882 | 211038820 | 自科库501/501自科库 45排5列1层/ [索取号:TS972.142/Z116] | 在馆 | |
| 3 | 1103883 | 211038839 | 自科库501/501自科库 46排3列1层/ [索取号:TS972.142/Z116] | 在馆 |